000 00736nam a22001337a 4500
040 _cRUA
082 _aAGR HON 2021 B1-570 Or.
100 _aHONG LIMENG ហុង លីម៉េង
245 _aEFFECT OF DIFFERENT FERTILIZER WATER 8.05-5.35-5.74 LEVEL ON GROWTH AND YIEDL OF BUNCHNG ONOIN (ALLIUM FISTULOSUM L.). ឥទ្ធិពលនៃជីទឹក ៨.០៥-៥.៣៥-៥,៧៥ កម្រិតខុសៗគ្នាទៅលើការលូតលាស់ និងទិន្នផលដំណាំខ្ទឹមស្លឹក
260 _aPhnom Penh
_bRUA
_c2021
300 _aX.35P
_bVIII.
_c29CM
856 _uhttps://drive.google.com/file/d/1FoUEYERJkNmc0oYN8KwJ3gqXbj8BmLDv/view?usp=sharing
942 _cAGR
999 _c22742
_d22742